000 00610nam a2200241Ia 4500
003 OSt
005 20220918201256.0
006 a|||||r|||| 00| 0
007 ta
008 220917b |||||||| |||| 00| 0 eng d
024 _a92,804
037 _cTextual
040 _aARTS
_cARTS
_beng
041 _2eng
_aeng
082 _aV1:19:N5, L2
100 _aLuard Evan ed
245 0 _aInternational regulation of civil wars
260 _c1972
490 _aStudies in international order
650 _aHISTORY
942 _hV1:19:N5, L2
_cTEXL
_2CC
999 _c216455
_d216455